La ciudad vista: mercancías y cultura urbana

Guardat en:
Dades bibliogràfiques
Autor principal: Sarlo, Beatriz (Autor)
Format: Llibre
Idioma:espanyol
Publicat: Buenos Aires Siglo Veintiuno 2009
Edició:1a. ed
Matèries:
Etiquetes: Afegir etiqueta
Sense etiquetes, Sigues el primer a etiquetar aquest registre!

MARC

LEADER 00000cam a2200000 a 4500
001 UCH7553
003 CL-VaPUC
008 091119e20090000AG |||||||||||||||||spa|d
020 |a 9789876290753 
082 0 4 |a Ar864  |b SAR  |2 21 
100 0 |a Sarlo, Beatriz  |e author  |9 543938 
245 1 3 |a La ciudad vista: mercancías y cultura urbana 
250 |a 1a. ed 
300 |a 231 p 
942 |c BK 
945 |d 20091119 00:00:00  |a rbrito 
260 |a Buenos Aires  |b Siglo Veintiuno  |c 2009 
650 0 |a Ensayos argentinos  |9 269128 
583 |a last modification  |c 20121130 09:17:28  |k Rodrigo Vera 
999 |c 338072  |d 338070 
952 |0 0  |1 0  |4 0  |6 AR_864_000000000000000_SAR_2009  |7 0  |8 R  |9 430871  |a BIBEDU  |b BIBEDU  |c MCIRC  |d 2019-11-22  |i 4619730  |o Ar864 SAR 2009  |p 4619730  |r 2023-01-13  |w 2019-11-22  |y BK_R  |k PSI 
952 |0 0  |1 0  |4 0  |6 AR_864_000000000000000_SAR_2009  |7 0  |8 R  |9 430872  |a BIBEDU  |b BIBEDU  |c MCIRC  |d 2019-11-22  |i 4931416  |o Ar864 SAR 2009  |p 4931416  |r 2023-01-13  |w 2019-11-22  |y BK_R  |k LIT 
952 |0 0  |1 0  |3 erb  |4 0  |6 AR_864_000000000000000_SAR_2009  |7 0  |8 A  |9 430873  |a BIBING  |b BIBING  |i 5069793  |o Ar864 SAR 2009  |p 5069793  |r 2025-01-20  |w 2019-11-22  |y BK  |z Catalogado en:20140502  |k GEO 
952 |0 0  |1 0  |3 erb  |4 0  |6 AR_864_000000000000000_SAR_2009  |7 0  |8 A  |9 430874  |a BIBING  |b BIBING  |i 513448K  |o Ar864 SAR 2009  |p 513448K  |r 2025-01-20  |w 2019-11-22  |y BK  |z Catalogado en:20150109  |k GEO